Control de velocidad para la Turbina Banki

Sparad:
Bibliografiska uppgifter
Huvudupphovsman: Acosta N, Ricardo José
Övriga upphovsmän: Quesada, Gerardo Tomas
Materialtyp: Okänd
Publicerad: [San José, Costa Rica] 1979
Taggar: Lägg till en tagg
Inga taggar, Lägg till första taggen!

MARC

LEADER 00000 a2200000 4500
003 001713
005 20221231143746.0
008 140114s1979 cr a m 000 ||s d
040 |c cru CEDI 
090 |a TFG 1132 
100 |a Acosta N, Ricardo José  |9 15645 
245 |a Control de velocidad para la Turbina Banki 
260 |c 1979  |b [San José, Costa Rica] 
300 |a 73 hojas :ilustraciones  
500 |a A la cabeza de la portada. Proyecto de graduación. IM-410. Universidad de Costa Rica. Facultad de Ingeniería. Escuela de Ingeniería Mecánica 
700 |9 15646  |a Quesada, Gerardo Tomas 
942 |c TFG 
999 |c 11380  |d 11380